[Event "Chigorin Memorial"]
[Site "St Petersburg RUS"]
[Date "2012.11.03"]
[Round "8.57"]
[White "Zhurikhin, Alexander"]
[Black "Matinian, Nikita"]
[Result "0-1"]
[BlackTitle "IM"]
[WhiteElo "2254"]
[BlackElo "2439"]
[WhiteFideId "4139569"]
[BlackFideId "24129100"]
[EventDate "2012.10.27"]

1. e4 c6 2. d4 d5 3. e5 c5 4. c4 Nc6 5. Nf3 cxd4 6. Nxd4 e6 7. Nc3 Bb4 8. Nxc6
bxc6 9. Qg4 Qa5 10. Qxg7 Bxc3+ 11. Kd1 Ba6 12. Qxh8 O-O-O 13. Kc2 Bd4 14. Qxh7
dxc4 15. Qxf7 Qxe5 16. Qf4 Qb5 17. Be2 Nf6 18. Kb1 c5 19. a4 Qb7 20. Ra3 Qxg2
21. Rd1 Qg6+ 22. Ka1 Qc2 23. Rxd4 cxd4 24. Qxf6 Qxe2 25. Bg5 Rd7 26. Qf8+ Kb7
27. Qb4+ Kc6 28. Be7 Qe5 29. f4 Qd5 30. Bf6 c3 31. bxc3 Rb7 0-1

[Event "Chigorin Memorial"]
[Site "St Petersburg RUS"]
[Date "2012.11.03"]
[Round "8.58"]
[White "Sipila, Vilka"]
[Black "Yakimenko, Alexander A."]
[Result "1/2-1/2"]
[WhiteTitle "FM"]
[WhiteElo "2430"]
[BlackElo "2220"]
[WhiteFideId "505455"]
[BlackFideId "24141917"]
[EventDate "2012.10.27"]

1. e4 e6 2. d4 d5 3. Nc3 Bb4 4. e5 c5 5. a3 Bxc3+ 6. bxc3 Qa5 7. Bd2 Qa4 8. Qg4
Kf8 9. Nf3 Ne7 10. Be2 Nbc6 11. O-O Bd7 12. Rab1 b6 13. Bb5 Qxc2 14. dxc5 Qe4
15. Qxe4 dxe4 16. Ng5 Nxe5 17. Nxe4 Bxb5 18. Rxb5 Nd5 19. cxb6 axb6 20. Nd6 Nd7
21. c4 Nc7 22. Rb3 Na6 23. Re1 Ke7 24. Nf5+ Kf8 25. Nd4 Rc8 26. Rc3 h6 27. f4 g6
28. Nf3 Nac5 29. Be3 Ke7 30. Rb1 f6 31. g4 Kf7 32. g5 hxg5 33. fxg5 f5 34. Bd4
Rhe8 35. Be5 Red8 36. Kg2 Na4 37. Rd3 Nxe5 38. Nxe5+ Kg7 39. Rbd1 Rxd3 40. Rxd3
Nc5 41. Rd6 Ra8 42. Rxb6 Rxa3 43. Rc6 Ra2+ 44. Kf3 Ne4 45. h4 Ra3+ 46. Ke2 Ng3+
47. Kd1 f4 48. Rxe6 f3 49. Ng4 Nf5 50. Ke1 Ra1+ 51. Kd2 Ra2+ 52. Ke1 Ra1+ 53.
Kf2 Ra2+ 54. Kf1 Ra1+ 55. Re1 Ra2 56. Re8 Kf7 57. Re5 Nxh4 58. Nh6+ Kf8 59. Re4
Ng2 60. Re6 Kg7 61. c5 Nf4 62. Re7+ Kh8 63. Re3 Ra1+ 64. Kf2 Nh3+ 65. Kxf3 Nxg5+
66. Kf4 Nh7 67. Re7 Rc1 68. Rc7 Nf8 69. Nf7+ Kg7 70. Ng5+ Kg8 71. Ke5 Rxc5+ 72.
Rxc5 Nd7+ 73. Kd6 Nxc5 74. Kxc5 1/2-1/2

[Event "Chigorin Memorial"]
[Site "St Petersburg RUS"]
[Date "2012.11.03"]
[Round "8.59"]
[White "Kuratov, Vasily"]
[Black "Arslanov, Shamil"]
[Result "1/2-1/2"]
[BlackTitle "IM"]
[WhiteElo "2225"]
[BlackElo "2421"]
[WhiteFideId "34114600"]
[BlackFideId "4192826"]
[EventDate "2012.10.27"]

1. e4 e6 2. d4 d5 3. Nd2 Nf6 4. e5 Nfd7 5. Bd3 c5 6. c3 Nc6 7. Ne2 cxd4 8. cxd4
f6 9. exf6 Nxf6 10. Nf3 Qc7 11. Bf4 Bb4+ 12. Kf1 Bd6 13. Bxd6 Qxd6 14. Bb5 O-O
15. Bxc6 bxc6 16. Rc1 Ba6 17. Kg1 Rac8 18. Qc2 Ne4 19. Ng3 Rf4 20. h4 c5 21.
Nxe4 dxe4 22. dxc5 Qd5 23. Ng5 h6 24. Nh3 Rxh4 25. g3 Rg4 26. Nf4 Qe5 27. Qd2
Rxc5 28. Rxc5 Qxc5 29. Kh2 e5 30. Ng2 Rg6 31. Rd1 Bd3 32. Rc1 Qb6 33. Ne3 Qf6
34. Kg1 Qf3 35. Ng2 Rg5 36. Qe3 Qxe3 37. Nxe3 Rg6 38. Rc8+ Kh7 39. Rc7 Be2 40.
Rxa7 Rc6 41. g4 Bf3 42. Re7 Rc1+ 43. Kh2 Rb1 44. b3 Rh1+ 45. Kg3 Rg1+ 46. Kh2
Rh1+ 47. Kg3 Rg1+ 1/2-1/2

[Event "Chigorin Memorial"]
[Site "St Petersburg RUS"]
[Date "2012.11.03"]
[Round "8.60"]
[White "Vunder, Andrey"]
[Black "Aitbayev, Aslan"]
[Result "0-1"]
[WhiteElo "2243"]
[BlackElo "2416"]
[WhiteFideId "4128338"]
[BlackFideId "13704613"]
[EventDate "2012.10.27"]

1. d4 Nf6 2. c4 g6 3. Nc3 Bg7 4. Bg5 O-O 5. e3 d6 6. Be2 c5 7. Nf3 h6 8. Bh4 g5
9. Bg3 Nh5 10. dxc5 Nxg3 11. hxg3 dxc5 12. Qc2 e6 13. g4 Nc6 14. a3 f5 15. gxf5
exf5 16. Bd3 g4 17. Nh4 Ne5 18. O-O-O Nxd3+ 19. Rxd3 Qf6 20. Nd5 Qf7 21. Ng6 Re8
22. Ndf4 b5 23. Rd6 Bb7 24. Nd5 Re4 25. Kb1 bxc4 26. Rd1 Rb8 27. Rd7 Bxd5 28.
Rxf7 Bxf7 29. Nf4 c3 30. b3 Rxb3+ 31. Kc1 Rxa3 32. Rd8+ Kh7 33. Qd3 Ra1+ 34. Kc2
Bb3+ 35. Kxb3 Rb4+ 0-1

[Event "Chigorin Memorial"]
[Site "St Petersburg RUS"]
[Date "2012.11.03"]
[Round "8.61"]
[White "Cori T., Deysi"]
[Black "Matveeva, Olga"]
[Result "1-0"]
[WhiteTitle "WGM"]
[BlackTitle "WFM"]
[WhiteElo "2411"]
[BlackElo "2219"]
[WhiteFideId "3801934"]
[BlackFideId "24107018"]
[EventDate "2012.10.27"]

1. d4 d5 2. Nf3 Nf6 3. c4 e6 4. g3 Bb4+ 5. Bd2 Be7 6. Bg2 O-O 7. O-O c6 8. Qc2
b6 9. b3 Ne4 10. Bf4 Bb7 11. Nfd2 f5 12. cxd5 cxd5 13. Nxe4 dxe4 14. Rd1 Nd7 15.
Nc3 Rc8 16. Qb2 g5 17. Be5 Nxe5 18. dxe5 Qe8 19. b4 Rc4 20. a4 a6 21. Qb3 Qc8
22. Rac1 Rd8 23. Rxd8+ Bxd8 24. e3 Be7 25. Bf1 Rc7 26. Qb2 Kf7 27. Ne2 Rxc1 28.
Nxc1 Qd7 29. b5 a5 30. Qc2 Bd5 31. Ne2 Bc5 32. Nc3 Qc7 33. Qd1 Qxe5 34. Qh5+ Kg8
35. Nxd5 Qxd5 36. Qxg5+ Kh8 37. h4 Bf8 38. Qf6+ Kg8 39. Be2 Bg7 40. Qe7 Bf8 41.
Qe8 Qa2 42. Bf1 Qd5 43. Kg2 Kg7 44. Be2 Bc5 45. Bh5 e5 46. Qc8 f4 47. Qg4+ Kh8
48. Qg5 fxe3 49. Qf6+ Kg8 50. Bg4 e2 51. Be6+ 1-0

[Event "Chigorin Memorial"]
[Site "St Petersburg RUS"]
[Date "2012.11.03"]
[Round "8.62"]
[White "Semenova, Irina"]
[Black "Vlasenko, Miroslav"]
[Result "0-1"]
[WhiteTitle "WGM"]
[BlackTitle "IM"]
[WhiteElo "2216"]
[BlackElo "2400"]
[WhiteFideId "4118367"]
[BlackFideId "4151887"]
[EventDate "2012.10.27"]

1. e4 Nc6 2. Nf3 d6 3. d4 Nf6 4. Nc3 g6 5. h3 Bg7 6. Be3 O-O 7. Qd2 a6 8. a4 e5
9. O-O-O exd4 10. Nxd4 Re8 11. f3 Bd7 12. g4 b5 13. g5 Nh5 14. Nxc6 Bxc6 15. Rg1
bxa4 16. Bd4 Qb8 17. Nb1 Re5 18. Na3 Rc5 19. Bxg7 Nxg7 20. Bc4 a5 21. Qd4 Ne6
22. Bxe6 fxe6 23. h4 e5 24. Qd2 Qb3 25. Kb1 Qxf3 26. Rgf1 Qh3 27. Qf2 Qe6 28.
Qe3 Rf8 29. Rxf8+ Kxf8 30. Rf1+ Ke8 31. Qf3 Qe7 32. h5 Kd8 33. hxg6 hxg6 34. Qg4
Bd7 35. Qh4 Be8 36. Rf6 d5 37. exd5 Rxd5 38. Qe4 Qc5 39. c4 Rd1+ 40. Ka2 Qb4 41.
Rf3 Qc5 42. Nc2 Bc6 43. Rd3+ Ke7 44. Qxc6 Qxc6 45. Rxd1 Qxc4+ 46. Kb1 Qg4 47.
Re1 Qxg5 48. Re4 Qg1+ 49. Re1 Qc5 50. Re4 Qd5 51. Re1 g5 52. Kc1 g4 53. Rg1 Qf3
54. Re1 g3 55. Rxe5+ Kd6 56. Re3 Qf1+ 57. Re1 g2 0-1

[Event "Chigorin Memorial"]
[Site "St Petersburg RUS"]
[Date "2012.11.03"]
[Round "8.63"]
[White "Denishev, Marat"]
[Black "Svetlov, Dmitry"]
[Result "0-1"]
[BlackTitle "FM"]
[WhiteElo "2198"]
[BlackElo "2399"]
[WhiteFideId "24131563"]
[BlackFideId "24102610"]
[EventDate "2012.10.27"]

1. e4 c6 2. Nc3 d5 3. Nf3 g6 4. d4 Bg7 5. e5 Bg4 6. h3 Bxf3 7. Qxf3 e6 8. Bd3
Nd7 9. O-O Ne7 10. Bg5 Qb6 11. Ne2 c5 12. c3 Nc6 13. Be3 Ndxe5 14. dxe5 Nxe5 15.
Qg3 Nxd3 16. b4 Qc6 17. bxc5 Nxc5 18. Bd4 Ne4 19. Qf4 O-O 20. Rac1 Qc4 21. Bxg7
Kxg7 22. Nd4 Rac8 23. Qe5+ Kg8 24. Rc2 Qc7 25. Qxc7 Rxc7 26. Rfc1 Rfc8 27. Ne2
b5 28. a3 a6 29. f3 Nc5 30. g4 Kf8 31. h4 Ke7 32. f4 Ne4 0-1

[Event "Chigorin Memorial"]
[Site "St Petersburg RUS"]
[Date "2012.11.03"]
[Round "8.64"]
[White "Dzhangobegov, Vladimir"]
[Black "Golubov, Saveliy"]
[Result "0-1"]
[WhiteTitle "FM"]
[WhiteElo "2395"]
[BlackElo "2189"]
[WhiteFideId "4180984"]
[BlackFideId "24176729"]
[EventDate "2012.10.27"]

1. e4 e6 2. d4 d5 3. Nc3 Bb4 4. exd5 exd5 5. Bd3 Nf6 6. Ne2 O-O 7. O-O Bg4 8. f3
Bh5 9. Bg5 c6 10. Nf4 Bg6 11. Nxg6 hxg6 12. Ne2 Nbd7 13. f4 Be7 14. Ng3 Ne8 15.
Bxe7 Qxe7 16. f5 Qe3+ 17. Kh1 Qxd4 18. c3 Qe5 19. Qd2 Qd6 20. Rae1 Nc7 21. Qg5
f6 22. Qd2 g5 23. Be2 Rae8 24. Bh5 Rxe1 25. Qxe1 Ne5 26. Qe2 Nf7 27. Re1 Qd8 28.
Qe7 Ne5 29. Qa3 Nb5 30. Qb3 Nd6 31. Qc2 Qd7 32. h3 Nc8 33. Ne2 c5 34. Ng1 Ne7
35. Rf1 Rc8 36. Ne2 Nc4 37. Rf3 Nc6 38. h4 N6e5 39. Rg3 gxh4 40. Rh3 Nd6 41.
Rxh4 Qxf5 42. Qb3 Nd3 43. Bf3 c4 44. Qa3 Nf2+ 45. Kg1 Nfe4 46. Qxa7 Re8 47. Qd4
g5 48. Rh5 Qe5 49. Qd1 Nf5 50. g4 Ng7 51. Rh2 f5 52. Qd4 Nf6 53. Rh6 fxg4 54.
Qxe5 Rxe5 55. Rxf6 gxf3 56. Nd4 g4 57. Rg6 Re4 58. Nf5 Kf7 59. Rxg7+ Kf6 60.
Rxb7 Kxf5 61. a4 Kf4 62. Rf7+ Kg3 63. Kf1 Re2 64. a5 Rxb2 65. Ke1 Rb1+ 66. Kd2
f2 67. Ke2 Re1+ 68. Kd2 f1=Q 0-1

[Event "Chigorin Memorial"]
[Site "St Petersburg RUS"]
[Date "2012.11.03"]
[Round "8.65"]
[White "Mishuchkov, Nikolai M."]
[Black "Bivol, Alina"]
[Result "1/2-1/2"]
[WhiteTitle "IM"]
[BlackTitle "WFM"]
[WhiteElo "2393"]
[BlackElo "2137"]
[WhiteFideId "4102401"]
[BlackFideId "4100123"]
[EventDate "2012.10.27"]

1. d4 d5 2. Nf3 c6 3. c4 e6 4. Qc2 f5 5. Bf4 Nf6 6. e3 Bd6 7. Bxd6 Qxd6 8. Nc3
O-O 9. Bd3 Ne4 10. Ne5 Nd7 11. f4 b6 12. cxd5 exd5 13. O-O Ndf6 14. Nxe4 fxe4
15. Be2 c5 16. dxc5 bxc5 17. Rac1 c4 18. Qd2 Qb6 19. b3 cxb3 20. Rc6 Qd8 21.
axb3 Bb7 22. Rc5 Re8 23. Qd4 Re7 24. Rfc1 Qd6 25. Bb5 h5 26. Bc6 Rd8 27. b4 Kh7
28. h3 a6 29. Bxb7 Rxb7 30. Nc6 Rdd7 31. Na5 Rb8 32. Nc6 Rbb7 33. Ra5 Rdc7 34.
Rac5 Qd7 35. Ra1 Rb6 36. Na5 Qd8 37. Rd1 Rd7 38. Qc3 Qb8 39. Rd4 Qd8 40. Rd2 Qe8
41. Qd4 Rdd6 42. Rdc2 Qa4 43. Rb2 Rb8 44. Nc4 Qa1+ 45. Kh2 dxc4 46. Qxd6 Qxb2
47. Qxb8 Qf2 48. Qd8 Qxe3 49. Qc7 Qf2 50. Rg5 Ng4+ 51. hxg4 1/2-1/2

[Event "Chigorin Memorial"]
[Site "St Petersburg RUS"]
[Date "2012.11.03"]
[Round "8.67"]
[White "Balaian, Alina"]
[Black "Shuraev, Andrei"]
[Result "0-1"]
[WhiteTitle "WIM"]
[BlackTitle "IM"]
[WhiteElo "2180"]
[BlackElo "2368"]
[WhiteFideId "24115347"]
[BlackFideId "4115295"]
[EventDate "2012.10.27"]

1. e4 c6 2. d4 d5 3. f3 dxe4 4. fxe4 e5 5. Nf3 Bg4 6. Bc4 Nd7 7. O-O Ngf6 8. c3
Bd6 9. Be3 O-O 10. Nbd2 Qc7 11. h3 Bh5 12. Qc2 Rae8 13. Nh4 b5 14. Bd3 Qb7 15.
Nb3 Bb8 16. Nc5 Qc8 17. Nf5 Bg6 18. Bg5 exd4 19. cxd4 Nxc5 20. Qxc5 Bxf5 21.
exf5 Nd5 22. Bxb5 Qc7 23. Rf3 cxb5 24. Qxd5 Re2 25. Bf4 Qc2 26. Rff1 Bxf4 27.
Rxf4 Qxb2 28. Raf1 Qxa2 29. Qf3 f6 30. Rg4 Re7 31. Qc6 Qc4 32. Qd6 Qf7 33. Rb1
Rb7 34. Re4 a5 35. Rbe1 Qd7 36. Qe6+ Qxe6 37. fxe6 b4 38. d5 Rb6 39. Ra1 b3 40.
Rea4 Ra8 41. Rxa5 Rxa5 42. Rxa5 Rb8 43. Ra1 Kf8 44. Kf2 b2 45. Rb1 Ke7 46. Ke3
Kd6 47. Kd4 Rb7 48. Kc3 Kxd5 49. e7 Rxe7 50. Rxb2 Ke6 51. Kd3 Kf5 52. Rb4 h5 53.
g3 Kg5 54. Ra4 Re1 55. Rf4 f5 56. Kd2 Re4 57. h4+ Kf6 58. Rf3 g5 59. hxg5+ Kxg5
60. Re3 Kg4 61. Ra3 h4 62. gxh4 Kxh4 63. Rb3 f4 64. Ra3 Kg4 65. Ra8 f3 66. Rg8+
Kh3 67. Rh8+ Kg2 68. Rg8+ Kf1 69. Rg7 f2 70. Rg8 Re5 71. Rf8 Rg5 72. Ke3 Rg3+
73. Kd2 Rg7 74. Ke3 Kg1 75. Ke2 Re7+ 0-1

[Event "Chigorin Memorial"]
[Site "St Petersburg RUS"]
[Date "2012.11.03"]
[Round "8.68"]
[White "Antinyan, Armen"]
[Black "Kashtanov, Ruslan"]
[Result "0-1"]
[BlackTitle "IM"]
[WhiteElo "2177"]
[BlackElo "2356"]
[WhiteFideId "13303112"]
[BlackFideId "4124871"]
[EventDate "2012.10.27"]

1. e4 g6 2. d4 Bg7 3. c3 d5 4. e5 c5 5. Nf3 Nc6 6. Be2 cxd4 7. cxd4 Bg4 8. Nc3
e6 9. Nb5 Bxf3 10. Nd6+ Kf8 11. Bxf3 Qb6 12. Be3 Nge7 13. O-O Nc8 14. Nxc8 Rxc8
15. Rc1 Ke7 16. Qd2 Rhe8 17. Rc3 a6 18. Rb3 Qa7 19. a4 Kd7 20. Be2 h5 21. h3 Bf8
22. Rd1 Rc7 23. a5 Be7 24. Bh6 Rh8 25. Bf4 Rcc8 26. Be3 Bd8 27. Ra1 Be7 28. Ra4
Rc7 29. Rb6 Ke8 30. Qc2 Bd8 31. Bxa6 Nxa5 32. Rxe6+ Kf8 33. Qd2 fxe6 34. Bd3 Kg7
35. b4 Nc4 36. Rxa7 Nxd2 37. Bxd2 Rf7 38. Ra8 Bb6 39. Rxh8 Kxh8 40. Bxg6 Rc7 41.
Be3 h4 42. g4 hxg3 43. fxg3 Kg7 44. Be8 Rc4 45. Kg2 Bxd4 46. Bf4 Rxb4 47. h4
Rb2+ 48. Kf3 Rf2+ 49. Kg4 Re2 50. h5 Bxe5 51. Kf3 Re1 52. Kf2 Bxf4 53. Kxe1
Bxg3+ 54. Ke2 Bf4 55. Kd3 Kf6 56. Bd7 Ke7 57. Bb5 Kd6 58. Be8 e5 59. Bf7 Kc5 60.
Be6 Bh6 61. Bf7 e4+ 62. Kc2 Kd4 63. Be6 b6 64. Bf7 Kc4 65. Be6 Kc5 66. Bf7 Kd6
67. Bg8 Ke5 68. Bf7 d4 69. Bc4 d3+ 70. Kd1 Kd4 0-1

[Event "Chigorin Memorial"]
[Site "St Petersburg RUS"]
[Date "2012.11.03"]
[Round "8.70"]
[White "Saveliev, Alexei"]
[Black "Usmanov, Vasily"]
[Result "0-1"]
[WhiteElo "2126"]
[BlackElo "2336"]
[WhiteFideId "24128546"]
[BlackFideId "4135741"]
[EventDate "2012.10.27"]

1. e4 e6 2. d4 d5 3. Nd2 Nf6 4. e5 Nfd7 5. Bd3 c5 6. c3 Nc6 7. Ne2 cxd4 8. cxd4
f6 9. exf6 Qxf6 10. Nf3 h6 11. O-O Bd6 12. Be3 O-O 13. Bc2 Rd8 14. Ng3 Nf8 15.
Re1 Bd7 16. a3 Be8 17. b4 a6 18. Bb3 Rac8 19. Rc1 Bb8 20. Qd2 Bg6 21. Bc2 Na7
22. Bxg6 Nxg6 23. Rxc8 Nxc8 24. Qe2 Nf8 25. b5 axb5 26. Qxb5 Rd7 27. Qa5 Ne7 28.
Qc3 Nc6 29. Qd3 Rf7 30. Bd2 Bd6 31. Qe3 Qg6 32. Bb4 Nxb4 33. axb4 Bxb4 34. Rc1
Bd6 35. Ne5 Bxe5 36. Qxe5 Qf6 37. Qe3 Ng6 38. Nf1 Nf4 39. Kh1 Qg6 40. g3 Nd3 41.
Rc2 Qe4+ 42. Kg1 Qxe3 43. Nxe3 Kh7 44. f4 g5 45. fxg5 hxg5 46. Rd2 Nb4 47. Kg2
Rc7 48. Kf3 Kg6 49. Nd1 Nc2 50. Ke2 Rc4 51. Kd3 Nxd4 52. Rb2 Nf3 53. Rxb7 Nxh2
54. Rb6 Kf7 55. Ne3 Ra4 56. Rb2 Ng4 57. Nc2 Re4 58. Rb7+ Kf6 59. Rb8 Ne5+ 60.
Kd2 Nc4+ 61. Kd3 Rg4 62. Rf8+ Ke7 0-1

[Event "Chigorin Memorial"]
[Site "St Petersburg RUS"]
[Date "2012.11.03"]
[Round "8.71"]
[White "Nazaretyan, Tigran"]
[Black "Pasiev, Rakhim"]
[Result "1/2-1/2"]
[BlackTitle "FM"]
[WhiteElo "2121"]
[BlackElo "2334"]
[WhiteFideId "24162345"]
[BlackFideId "24122475"]
[EventDate "2012.10.27"]

1. d4 d5 2. Nf3 Nc6 3. c4 Bg4 4. Bf4 Bxf3 5. gxf3 e6 6. e3 Bd6 7. Bg3 Nf6 8. Nc3
O-O 9. Rc1 dxc4 10. Bxc4 e5 11. dxe5 Nxe5 12. Be2 Qe7 13. O-O c6 14. Qc2 Rad8
15. Rfd1 Ng6 16. Rd2 Bxg3 17. hxg3 Rxd2 18. Qxd2 Rd8 19. Qc2 Nf8 20. f4 Ne6 21.
Bf3 Nc5 22. Kg2 g6 23. a3 Ne6 24. Kg1 Rd7 25. Ne4 Nxe4 26. Qxe4 Qf6 27. Qc2 Nc7
28. b4 Qd8 29. Qc5 a6 30. a4 Ne6 31. Qc4 Qf6 32. Bg4 Rd6 33. Kg2 Nc7 34. Rc2 Qd8
35. Bf3 Rd2 36. Rxd2 Qxd2 37. Qc5 Qd7 38. Qe5 Qd8 39. f5 Ne8 40. b5 axb5 41.
axb5 cxb5 42. Qxb5 Nd6 43. Qb3 Qe7 44. f6 Qxf6 45. Bxb7 h5 46. Bd5 Qe5 47. e4
Kg7 48. Qf3 Qe7 49. Qc3+ Kh7 50. Qd4 Ne8 51. Qb2 Nf6 52. Qb7 1/2-1/2

[Event "Chigorin Memorial"]
[Site "St Petersburg RUS"]
[Date "2012.11.03"]
[Round "8.72"]
[White "Sarana, Alexey"]
[Black "Timofeeva, Ekaterina"]
[Result "1-0"]
[BlackTitle "WIM"]
[WhiteElo "2118"]
[BlackElo "2331"]
[WhiteFideId "24133795"]
[BlackFideId "4193172"]
[EventDate "2012.10.27"]

1. d4 Nf6 2. c4 d6 3. Nc3 Nbd7 4. Nf3 e5 5. e4 c6 6. Be2 Be7 7. O-O O-O 8. Qc2
Re8 9. d5 a5 10. b3 Nc5 11. Be3 Na6 12. a3 Ng4 13. Bd2 Bd7 14. Rab1 Qc8 15. b4
axb4 16. axb4 f5 17. exf5 c5 18. Ne4 cxb4 19. Nfg5 Bxf5 20. Bxg4 Bxg4 21. Nxd6
Bxd6 22. Qxh7+ Kf8 23. Qh8+ Ke7 24. Qxg7+ Kd8 25. Nf7+ Kc7 26. Nxd6+ Kxd6 27.
Rxb4 Qd7 28. c5+ Kxd5 29. Qxg4 Qxg4 30. Rxg4 Nxc5 31. Be3 Nd3 32. Rb1 Ra2 33. h4
Re7 34. h5 Rh7 35. h6 Nf4 36. Rb5+ Ke6 37. Bxf4 exf4 38. Rg6+ Kf7 39. Rg7+ Rxg7
40. Rxb7+ Kf8 41. hxg7+ Kg8 42. Kf1 Rc2 43. Rd7 Ra2 44. Ke1 Rb2 45. Rd2 f3 46.
g3 Rb3 47. Rd7 Rb6 48. Rd3 Re6+ 49. Re3 Rf6 50. Re4 Rd6 51. Re3 Rf6 52. Kd2 Kxg7
53. Re4 Kg6 54. Ke3 Kg5 55. Rf4 Ra6 56. Kxf3 Ra3+ 57. Kg2 Ra1 58. Rb4 Rc1 59.
Rb5+ Kg6 60. f4 Rc8 61. Kh3 Kf6 62. Kg4 Rc6 63. Rh5 Rc3 64. Rh6+ Kg7 65. Rb6 Ra3
66. Kh4 Rf3 67. Ra6 Kf7 68. Kg4 Rb3 69. f5 Kg7 70. Kf4 Rb7 71. g4 Rb4+ 72. Kg5
Rb7 73. Rg6+ Kf7 74. Rh6 Rb4 75. Rh7+ Kg8 76. Ra7 Rb8 77. f6 Rc8 78. Kg6 Rb8 79.
Rg7+ 1-0

[Event "Chigorin Memorial"]
[Site "St Petersburg RUS"]
[Date "2012.11.03"]
[Round "8.74"]
[White "Kostyuchenko, Vladimir"]
[Black "Bazeev, German"]
[Result "0-1"]
[WhiteElo "2101"]
[BlackElo "2319"]
[WhiteFideId "4126084"]
[BlackFideId "24119350"]
[EventDate "2012.10.27"]

1. d4 Nf6 2. c4 g6 3. Nc3 d5 4. Bf4 Bg7 5. e3 c6 6. Nf3 O-O 7. h3 Ne4 8. cxd5
Nxc3 9. bxc3 cxd5 10. c4 Nc6 11. Rc1 Be6 12. Qd2 Rc8 13. Ng5 Bf5 14. cxd5 Qxd5
15. Rc5 Qd8 16. g4 Bd7 17. Bg2 Qb6 18. Nf3 e5 19. Nxe5 Nxe5 20. Bxe5 Rxc5 21.
Bxg7 Rb5 22. Bxf8 Rb1+ 23. Ke2 Rb2 24. Bb4 Qxb4 0-1

[Event "Chigorin Memorial"]
[Site "St Petersburg RUS"]
[Date "2012.11.03"]
[Round "8.75"]
[White "Lobanov, Sergei"]
[Black "Dolzhykova, Kateryna"]
[Result "1-0"]
[BlackTitle "WIM"]
[WhiteElo "2081"]
[BlackElo "2313"]
[WhiteFideId "24183750"]
[BlackFideId "14113414"]
[EventDate "2012.10.27"]

1. e4 c5 2. Nf3 d6 3. d4 cxd4 4. Nxd4 Nf6 5. Nc3 g6 6. Be3 Bg7 7. f3 O-O 8. Qd2
Nc6 9. O-O-O d5 10. Kb1 Nxd4 11. e5 Nf5 12. exf6 Bxf6 13. Nxd5 Qxd5 14. Qxd5
Nxe3 15. Qd2 Nxd1 16. Qxd1 Be6 17. Bb5 Rfd8 18. Qe2 Rd4 19. Rd1 Rb4 20. b3 a5
21. a4 Rc8 22. Ka2 Rc3 23. Rd3 Rxd3 24. Qxd3 Rd4 25. Qe2 Bg5 26. Qe5 Bf6 27. Qe2
Bg5 28. Qe5 Rd5 29. Qb8+ Kg7 30. Bd3 Bf6 31. Qxb7 h5 32. Qb6 h4 33. Qf2 Bc3 34.
Qe3 Bd4 35. Qd2 Bf6 36. Qe1 Rg5 37. g3 hxg3 38. hxg3 Rh5 39. g4 Rd5 40. Qf1 Bc3
41. Bc4 Rd2 42. Bxe6 Rxc2+ 43. Kb1 Rb2+ 44. Kc1 fxe6 45. Qc4 Bf6 46. g5 Be5 47.
f4 Rg2 48. fxe5 Rxg5 49. Qc5 Kf7 50. Qxa5 Rg1+ 51. Kd2 g5 52. Qb6 Rg2+ 53. Ke3
g4 54. a5 Ra2 55. Kf4 1-0

[Event "Chigorin Memorial"]
[Site "St Petersburg RUS"]
[Date "2012.11.03"]
[Round "8.77"]
[White "Nedostup, Daniil"]
[Black "Popov, Valerij"]
[Result "0-1"]
[BlackTitle "GM"]
[WhiteElo "2152"]
[BlackElo "2577"]
[WhiteFideId "24121576"]
[BlackFideId "4119410"]
[EventDate "2012.10.27"]

1. e4 d5 2. Nc3 d4 3. Nce2 e5 4. Ng3 g6 5. Bc4 h5 6. h3 Nc6 7. Nf3 Bg7 8. a3 Qd6
9. Ng5 Nh6 10. d3 f6 11. Nf3 Be6 12. Bxe6 Qxe6 13. Nh4 Ne7 14. O-O O-O-O 15. c3
dxc3 16. bxc3 Qa6 17. c4 Rd7 18. Qc2 Rhd8 19. Rd1 Nhg8 20. Be3 Bh6 21. Nf3 Kb8
22. Qb3 Bxe3 23. fxe3 Qb6 24. Qxb6 cxb6 25. Ne1 Nc6 26. Ne2 Nge7 27. Nc3 f5 28.
Nd5 fxe4 29. Nf6 Rc7 30. Nxe4 Nf5 31. Kf2 Nd6 32. Nxd6 Rxd6 33. Nf3 Re7 34. Ng5
Na5 35. Rab1 Rd8 36. Ke2 e4 37. Nxe4 Nxc4 38. dxc4 Rxd1 39. Rxd1 Rxe4 40. Kd3
Re5 41. Rf1 Rg5 42. Rf7 Rxg2 43. Kd4 g5 44. e4 Kc8 45. Ke5 Rg3 46. Ke6 Rxh3 47.
e5 g4 48. Rh7 h4 49. Rg7 Rg3 50. Kf5 h3 51. Rh7 Rg2 52. e6 h2 53. Rh8+ Kc7 54.
e7 Re2 55. Rxh2 Rxe7 56. Rh4 Rg7 57. Kf6 Rg8 58. Kf7 Rg5 59. Kf6 Ra5 60. Rxg4
Rxa3 61. Ke5 Rd3 62. Ke4 Rd8 63. Rg6 a6 64. Rh6 Rd6 65. Rh8 Rd7 66. Rh6 Rd6 67.
Rh8 a5 68. Rg8 b5 69. c5 Rd1 70. Rg6 a4 0-1

[Event "Chigorin Memorial"]
[Site "St Petersburg RUS"]
[Date "2012.11.03"]
[Round "8.78"]
[White "Belenkaya, Dina"]
[Black "Vocaturo, Daniele"]
[Result "0-1"]
[WhiteTitle "WFM"]
[BlackTitle "GM"]
[WhiteElo "2189"]
[BlackElo "2534"]
[WhiteFideId "24142654"]
[BlackFideId "813192"]
[EventDate "2012.10.27"]

1. e4 d6 2. d4 Nf6 3. Nc3 g6 4. Be3 c6 5. Qd2 Nbd7 6. f3 b5 7. a4 b4 8. Nd1 Qa5
9. Ne2 c5 10. c3 Bg7 11. cxb4 cxb4 12. Nc1 Rb8 13. Nb3 Qd8 14. d5 a5 15. Nd4 Bb7
16. Bb5 O-O 17. O-O Nc5 18. Qf2 Ne8 19. Rc1 Nc7 20. Bc4 Nxa4 21. b3 Nc5 22. Nb2
e6 23. dxe6 N7xe6 24. Nxe6 Nxe6 25. Rfd1 Qe7 26. Na4 Kh8 27. Bb6 Ra8 28. Rd3 Nf4
29. Rd2 f5 30. Bf1 fxe4 31. Rc7 Qg5 32. Qg3 Nh3+ 33. Qxh3 Qxd2 34. Qd7 Rg8 35.
Rxb7 e3 36. Qb5 Rac8 37. Bc7 e2 38. Qxe2 Bd4+ 39. Kh1 Qxe2 40. Bxe2 Rg7 41. Bc4
Rgxc7 42. Rb5 Re7 43. g3 Re5 44. Rxe5 dxe5 45. Kg2 Rxc4 46. bxc4 b3 47. c5 Bxc5
48. Nxc5 b2 0-1

[Event "Chigorin Memorial"]
[Site "St Petersburg RUS"]
[Date "2012.11.03"]
[Round "8.79"]
[White "Pen, Pyotr"]
[Black "Fomichenko, Eduard"]
[Result "0-1"]
[BlackTitle "IM"]
[WhiteElo "2150"]
[BlackElo "2460"]
[WhiteFideId "24129950"]
[BlackFideId "4132700"]
[EventDate "2012.10.27"]

1. e4 c5 2. Nf3 e6 3. b3 Nf6 4. e5 Nd5 5. c4 Ne7 6. Bb2 Nbc6 7. h4 b6 8. Nc3 d6
9. exd6 Nf5 10. Nb5 Bxd6 11. Bd3 Be7 12. Bxf5 exf5 13. Bxg7 Rg8 14. Be5 Kf8 15.
Bg3 Bb7 16. Qc2 Qd7 17. a3 Rc8 18. O-O-O a6 19. d4 axb5 20. dxc5 Qe6 21. Rhe1
Qh6+ 22. Kb1 f4 23. cxb5 fxg3 24. bxc6 Bxc6 25. Ne5 Be8 26. c6 Rxc6 27. Nxc6
Qxc6 28. Qe2 Qf6 29. f3 Qxh4 30. Rc1 Qf6 31. Rc7 Bd6 32. Rb7 Kg7 33. Rxb6 Qf5+
34. Ka2 Qc5 35. Ra6 f6 36. Qd2 Be5 37. Ra5 Qd4 38. Qxd4 Bxd4 39. Re7+ Bf7 40.
Ra4 Bf2 41. Rg4+ Kf8 42. Rxg8+ Bxg8 43. Rc7 h5 44. Rc1 Bd5 45. Rc3 h4 0-1